Statistics for Scrabble Generator Puzzle #1

Click here to take the quiz!

General Stats

  • This quiz has been taken 577 times
  • The average score is 13 of 24

Answer Stats

Answer % Correct
Aunt's childCousin
89%
NegativeNo
86%
Common liquorGin
84%
__ and behold!Lo
83%
DigitFinger
83%
Circle ratioPi
71%
Hill, inclineSlope
71%
Pocus partnerHocus
69%
Cry of painOuch
68%
Queen of ScotsMary
67%
Great ball of fireSun
63%
Cuban moneyPeso
60%
WhetherIf
59%
BINGOLEPROSY
52%
Kind of breadRye
51%
Great sorrowGrief
47%
Fish eagleOsprey
45%
Suggest stronglyUrge
39%
FastRapid
39%
Root vegetableYam
37%
BINGOPYRAMID
26%
CountlessMyriad
17%
BINGOCUSHION
7%
BINGOGUNFIRE
4%

Score Distribution

Percentile by Number Answered

Percent of People with Each Score

Your Score History

You have not taken this quiz